00867 a2200205 45000010006000000050017000060080041000230030015000640400040000790800083001192450046002020200018002482640038002663000019003045050165003231000027004887000025005157000027005408560094005673449420260407155631.0260407a1992 arg spa dAR-UNSa-BCEJYS aAR-UNSa-BCEJYSbspacAR-UNSa-BCEJYS a658.15xAdministración financiera privada. Gestión financiera de empresas 10aIntroducción a las opciones financieras a84-86703-57-3 1aBarcelona :bEADA Gestiónc1992 a101 p.c22 cm. a1. Historia y evolución - 2. Conceptos de opción - 3. Operaciones financieras - 4. Estrategias con opciones - 6. Mercados de opciones y futuros en españa.1 aAbelló Riera, Javier1 aOller Maciá, Jordi1 aVila Santandreu, Jordi41uhttps://biblioeco.unsa.edu.ar/pmb/images/libros/L58705.jpgyImagen de portadaqimage/jpeg